| 000 | 00666nam a22001937a 4500 | ||
|---|---|---|---|
| 999 |
_c167150 _d167150 |
||
| 005 | 20190822145116.0 | ||
| 010 | _aENG-126274 | ||
| 020 |
_c150.00 _a978-93-84566-18-0 |
||
| 035 | _aEN-109806 | ||
| 037 | _bDBAD/PUB | ||
| 082 | _a920 | ||
| 100 | _aChakravortty, Panchanan | ||
| 245 |
_aBiplabi Purna Chandra Das/ _cby Panchanan Chakravortty |
||
| 260 |
_aKolkata _bInstitute Of Social And Cultural Studies _c2017 |
||
| 270 |
_bKolkata _a48/2, Dr. Suresh Sarkar Road Kolkata _e700014 _k033-65339003 _miscskol@gmail.com |
||
| 300 |
_a88p. _c21cm(pbk) |
||
| 700 | _aedited by Asim Pada Chakrabarti [and] Goutam Biswas | ||
| 942 |
_2ddc _cEN _h920 _mCHA |
||